Key skills analysis

Bibliographic Details
Main Author: Howard, Lesley
Format: Book
Published: England : Gower publishing limited , 2001
Subjects:

MARC

LEADER 00000cam a2200000 7i4500
001 0000011655
005 20050420.0
020 |a 056608256x 
040 |a INS 
090 0 0 |a HF5549.5.T7   |b H663 2001 
100 1 |a Howard, Lesley 
245 1 0 |a Key skills analysis   |c Lesley Howard 
260 |a England :   |b Gower publishing limited ,   |c 2001 
300 |a v :   |b 125p ;   |c 31cm. 
650 0 0 |a Employees   |x training of 
650 0 0 |a Training needs 
999 |a 0000008984   |b BOOK   |c Open Shelf   |e Default branch